Február 1948 a knihovníctvo

Bibliographic Details
Main Authors: Petriščáková, B. (Author), Petriščáková, Blanka (Author)
Format: Article
Language:Slovak
Subjects:

MARC

LEADER 00000nab a2200000 a 4500
001 vtls000320449
003 SK-MaSNL
005 20260304082947.0
008 250424c1988 xo 0 slo
015 |a SNBRB19rr/mm-uuuuu 
035 |a CL0320571 
035 |a urn:nbn:sk:snk-abbi93 
035 |a (urnnbn)urn:nbn:sk:snk:ar-000qig 
035 |a (uuid)5dac92be-c6d6-45a1-85c5-77bc325012cc 
040 |a SNKBUCL  |b slo  |c SNKBUCL  |e AACR2 
041 0 |a slo 
044 |a xo  |c SK 
080 |a 02(437.6):061.3  |2 1981 
080 |a 061.3  |2 1981 
100 1 |a Petriščáková, B.  |4 aut  |9 961154 
245 1 0 |a Február 1948 a knihovníctvo  |c B. Petriščáková ; Blanka Petriščáková 
650 0 7 |a knihovníctvo  |2 snkbucl  |9 1557 
655 7 |a články z novín a časopisov  |2 snkbucl  |9 267496 
655 7 |a články z odboru knihovníctvo  |2 snkbucl  |9 166141 
700 1 |a Petriščáková, Blanka  |4 aut  |9 8641 
773 0 |t Čitateľ  |g Roč. 37, č. 4 (1988), s. 140-141 
850 |a Slovenská národná knižnica 
852 |a Slovenská národná knižnica 
954 |a odborná, vedecká literatúra pôvodná (slovenská)  |2 lita 
957 |a 5210 
958 |a article15 
958 |a RK 
958 |a KL 
958 |a OND 
958 |a EUIPO 
992 |a RBX 
999 |c 2798922  |d 2800852